| 000 | 00623nam a2200205 u 4500 | ||
|---|---|---|---|
| 005 | 20230623063607.0 | ||
| 008 | 121129s2008 mx r 000 0 spa d | ||
| 020 | _a9789689295112 | ||
| 035 | _aUPN01000188998 | ||
| 049 | _aI | ||
| 050 | 4 |
_aPZ75 _bG8.4 |
|
| 100 | 1 |
_aGuerrero, Martha Ylenia, _d1974- _932849 |
|
| 245 | 1 | 0 |
_aDe grande / _cMartha Ylenia Guerrero ; il. Margarita Sada. |
| 260 |
_aMéxico : _bEl Armadillo, _c2008. |
||
| 300 |
_a[22] p. : _bil. col. |
||
| 650 | 4 |
_aCuentos infantiles mexicanos _97723 |
|
| 650 | 4 |
_aNIÑOS Y ADULTOS - _vLITERATURA INFANTIL _921866 |
|
| 905 | _aInfantil | ||
| 999 |
_c161101 _d161101 |
||